| 000 | 00333nam a22001337a 4500 | ||
|---|---|---|---|
| 008 | 180913b xxu||||| |||| 00| 0 eng d | ||
| 020 | _a9780131492608 | ||
| 041 | _aeng | ||
| 080 | _a510 | ||
| 100 | _a37 | ||
| 101 | _aMAT | ||
| 245 |
_aIntroductory Intermediate Algebra For College Students _cBlitzer.R |
||
| 942 |
_2udc _cBK |
||
| 999 |
_c47732 _d47732 |
||